000 00763nam a2200205Ii 4500
003 JO-AjNU
008 230605s9999||||xx |||||||||||||| ||und||
040 _aJO-AjNU
_bara
_erda
_cJO-AjNU
041 _aara
050 1 4 _aKMP126.T3834.1986
100 3 _aفرج، توفيق حسن ,
_eauthor
_946900
245 0 0 _aقانون العمل في القانون اللبناني والقانون المصري الجديد
250 _a(د،ط)
264 3 1 _aالاسكندرية ، بيروت : الدار الجامعية ، 1986
300 _a470ص
336 _atext
_btxt
_2rdacontent
337 _aunmediated
_bn
_2rdamedia
338 _avolume
_bnc
_2rdacarrier
650 4 _aعمل وعمال -- قوانين وتشريعات -- لبنان -- مصر
_946901
999 _aA20436
_c24004
_d24004